Textbook of pharmaceutical chemistry (Record no. 360857)

MARC details
000 -LEADER
fixed length control field 00536 a2200205 4500
005 - DATE & TIME
control field 20250218103420.0
008 - FIXED-LENGTH DATA ELEMENTS--GENERAL INFORMATION
fixed length control field 250218b |||||||| |||| 00| 0 eng d
020 ## - ISBN
International Standard Book Number 9788130912608
Price Rs. 1195.00
040 ## - CATALOGING SOURCE
Original cataloging agency VIVEKANANDA LIBRARY
082 ## - DDC NUMBER
Classification number 615.19
Book Number G293T
100 ## - MAIN ENTRY--PERSONAL NAME
Personal name George, Mathew
245 ## - TITLE STATEMENT
Title Textbook of pharmaceutical chemistry
260 ## - PUBLICATION, DISTRIBUTION, ETC. (IMPRINT)
Name of publisher, distributor, etc Viva Books
Date of publication, distribution, etc 2023
Place of publication, distribution, etc New Delhi
300 ## - PHYSICAL DESCRIPTION
Pages x, 354
650 ## - Subject
Subject Pharmaceutical Science
650 ## - Subject
Subject Pharmaceutical Chemistry
650 ## - Subject
Subject Drugs
700 ## - Added Entry Personal Name
Added Entry Personal Name Joseph, Lincy
942 ## - ADDED ENTRY ELEMENTS (KOHA)
Koha item type Books
Holdings
Withdrawn status Lost status Source of classification or shelving scheme Damaged status Not for loan Location (home branch) Sublocation or collection (holding branch) Shelving location Date acquired Koha issues (times borrowed) Koha full call number Accession No. Koha date last seen Koha item type
    Dewey Decimal Classification     VIVEKANANDA LIBRARY VIVEKANANDA LIBRARY Vivekananda Library 03/02/2025   615.19 G293T 442203 03/02/2025 Books
    Dewey Decimal Classification     VIVEKANANDA LIBRARY VIVEKANANDA LIBRARY Vivekananda Library 07/03/2025 2 615.19 G293T 443088 30/08/2025 Books
© Designed and Maintained by Vivekananda Library, MDU Rohtak